[Event "LSS No Engine Cup 141 Preliminary 0"]
[Site "LSS email"]
[Date "2015.10.30"]
[Round "?"]
[White "Gorman, Andrew"]
[Black "Le Duigou, Jean Guy"]
[Result "0-1"]
[WhiteElo "1211"]
[BlackElo "1608"]
[PlyCount "42"]
[EventDate "2015.10.31"]
[EventType "tourn (corr)"]
[EventRounds "6"]
[EventCountry "GER"]
[SourceTitle "Corr 2022"]
[Source "ChessBase"]
[SourceDate "2021.10.24"]
[SourceVersion "1"]
[SourceVersionDate "2021.10.24"]
[SourceQuality "1"]

1. e4 c5 2. Nf3 e6 3. Nc3 a6 4. d4 cxd4 5. Nxd4 Qc7 6. Bd3 Nc6 7. Nxc6 bxc6 8. f4 d5 9. e5 Bc5 10. Na4 Ba7 11. Bd2 Ne7 12. Qg4 Ng6 13. g3 Bb7 14. 0-0-0 0-0 15. a3 c5 16. Bxg6 hxg6 17. Be3 d4 18. Bf2 Bxh1 19. Rxh1 Qc6 20. b3 Qxh1+ 21. Kb2 Qxh2 0-1

[Event "LSS No Engine Cup 138 Preliminary 0"]
[Site "LSS email"]
[Date "2015.09.09"]
[Round "?"]
[White "Le Duigou, Jean Guy"]
[Black "Zonneveld, Will"]
[Result "0-1"]
[WhiteElo "1625"]
[BlackElo "2210"]
[PlyCount "30"]
[EventDate "2015.09.10"]
[EventType "tourn (corr)"]
[EventRounds "6"]
[EventCountry "GER"]
[SourceTitle "Corr 2022"]
[Source "ChessBase"]
[SourceDate "2021.10.24"]
[SourceVersion "1"]
[SourceVersionDate "2021.10.24"]
[SourceQuality "1"]

1. e4 c5 2. Nc3 Nc6 3. g3 g6 4. Bg2 Bg7 5. Nf3 d6 6. 0-0 e5 7. d3 Nge7 8. Bg5 f6 9. Be3 0-0 10. Qd2 Rb8 11. a4 Bg4 12. Ne1 Nd4 13. h3 Be6 14. Nd1 Qd7 15. c3 Nb3 0-1

[Event "LSS No Engine Cup 136 Preliminary 0"]
[Site "LSS email"]
[Date "2015.08.07"]
[Round "?"]
[White "Garcia, Javier"]
[Black "Le Duigou, Jean Guy"]
[Result "0-1"]
[WhiteElo "984"]
[BlackElo "1664"]
[PlyCount "92"]
[EventDate "2015.08.08"]
[EventType "tourn (corr)"]
[EventRounds "6"]
[EventCountry "GER"]
[SourceTitle "Corr 2022"]
[Source "ChessBase"]
[SourceDate "2021.10.24"]
[SourceVersion "1"]
[SourceVersionDate "2021.10.24"]
[SourceQuality "1"]

1. d4 d5 2. c4 e6 3. Nf3 Nf6 4. Bg5 Be7 5. e3 h6 6. Bxf6 Bxf6 7. cxd5 exd5 8. Bb5+ c6 9. Bd3 0-0 10. Nbd2 Re8 11. 0-0 Bg4 12. Qb3 Qb6 13. Qxb6 axb6 14. h3 Bxf3 15. Nxf3 Nd7 16. Bf5 Nf8 17. a3 g6 18. Bd3 Nd7 19. Rfe1 Bg7 20. b4 b5 21. Nh4 Nf6 22. f3 Bf8 23. g3 Bd6 24. Kg2 Nh5 25. f4 Nf6 26. Nf3 Ne4 27. Bxe4 Rxe4 28. Ne5 Kg7 29. h4 f6 30. Nd7 Kf7 31. Nc5 Bxc5 32. bxc5 Ra4 33. Kf3 f5 34. Reb1 Re8 35. Rb4 Rea8 36. Rxa4 Rxa4 37. g4 b4 38. g5 h5 39. Ke2 Rxa3 40. Rb1 b3 41. Kf3 Ke7 42. Rb2 Kd7 43. Kg3 Kc7 44. Kf3 Kb8 45. Kg3 Ka7 46. Kf3 Ka6 0-1

[Event "LSS No Engine Cup 136 Preliminary 0"]
[Site "LSS email"]
[Date "2015.08.07"]
[Round "?"]
[White "Le Duigou, Jean Guy"]
[Black "Van Bommel, Ton"]
[Result "0-1"]
[WhiteElo "1664"]
[BlackElo "2271"]
[PlyCount "32"]
[EventDate "2015.08.08"]
[EventType "tourn (corr)"]
[EventRounds "6"]
[EventCountry "GER"]
[SourceTitle "Corr 2022"]
[Source "ChessBase"]
[SourceDate "2021.10.24"]
[SourceVersion "1"]
[SourceVersionDate "2021.10.24"]
[SourceQuality "1"]

1. d4 Nf6 2. Nf3 g6 3. g3 Bg7 4. Bg2 d5 5. 0-0 0-0 6. c4 dxc4 7. Nc3 Nc6 8. d5 Nb4 9. e4 e6 10. a3 Nd3 11. Nd2 b5 12. Nxb5 exd5 13. exd5 Bg4 14. f3 Bf5 15. Nc3 Nxd5 16. Nxd5 Qxd5 0-1

[Event "LSS No Engine Cup 136 Preliminary 0"]
[Site "LSS email"]
[Date "2015.08.07"]
[Round "?"]
[White "Shim Ng Min, Francis"]
[Black "Le Duigou, Jean Guy"]
[Result "1/2-1/2"]
[WhiteElo "1490"]
[BlackElo "1664"]
[PlyCount "58"]
[EventDate "2015.08.08"]
[EventType "tourn (corr)"]
[EventRounds "6"]
[EventCountry "GER"]
[SourceTitle "Corr 2022"]
[Source "ChessBase"]
[SourceDate "2021.10.24"]
[SourceVersion "1"]
[SourceVersionDate "2021.10.24"]
[SourceQuality "1"]

1. e4 c6 2. Nc3 d5 3. Nf3 Bg4 4. h3 Bxf3 5. Qxf3 e6 6. exd5 cxd5 7. d4 Nf6 8. Bb5+ Nc6 9. 0-0 Be7 10. Be3 0-0 11. Ne2 Qb6 12. Bxc6 Qxc6 13. c3 b5 14. a3 a5 15. Rfc1 Qd7 16. Nf4 Rfc8 17. Nh5 Nxh5 18. Qxh5 b4 19. axb4 axb4 20. cxb4 Bxb4 21. Qd1 Bd6 22. Bd2 Be7 23. Rxc8+ Rxc8 24. Bc3 Bf6 25. Ra4 g6 26. Qa1 Kg7 27. Ra7 Rc7 28. Ra8 Rc8 29. Ra7 Rc7 1/2-1/2

[Event "LSS No Engine Cup 135 Preliminary 0"]
[Site "LSS email"]
[Date "2015.07.26"]
[Round "?"]
[White "Le Duigou, Jean Guy"]
[Black "Wittlieb, Friedhelm"]
[Result "1-0"]
[WhiteElo "1675"]
[BlackElo "1248"]
[PlyCount "39"]
[EventDate "2015.07.27"]
[EventType "tourn (corr)"]
[EventRounds "6"]
[EventCountry "GER"]
[SourceTitle "Corr 2022"]
[Source "ChessBase"]
[SourceDate "2021.10.24"]
[SourceVersion "1"]
[SourceVersionDate "2021.10.24"]
[SourceQuality "1"]

1. e4 e5 2. Nf3 Nf6 3. Nc3 Nc6 4. Bb5 d6 5. h3 a6 6. Ba4 Be7 7. d4 exd4 8. Nxd4 d5 9. Nxc6 Qd7 10. Ne5 0-0 11. Nxd7 Bxd7 12. Bxd7 Nxd7 13. Nxd5 Bb4+ 14. Nxb4 Rad8 15. 0-0 Rde8 16. Qxd7 g6 17. Bh6 Rd8 18. Qxc7 Rfe8 19. Qc3 Rd6 20. Qg7# 1-0

[Event "LSS No Engine Cup 134 Preliminary 0"]
[Site "LSS email"]
[Date "2015.07.08"]
[Round "?"]
[White "Czaban, Tomasz"]
[Black "Le Duigou, Jean Guy"]
[Result "0-1"]
[WhiteElo "1600"]
[BlackElo "1704"]
[PlyCount "46"]
[EventDate "2015.07.09"]
[EventType "tourn (corr)"]
[EventRounds "6"]
[EventCountry "GER"]
[SourceTitle "Corr 2022"]
[Source "ChessBase"]
[SourceDate "2021.10.24"]
[SourceVersion "1"]
[SourceVersionDate "2021.10.24"]
[SourceQuality "1"]

1. d4 d5 2. e3 Nf6 3. c4 e6 4. cxd5 exd5 5. Bd2 Bd6 6. Nf3 c6 7. Bd3 Qe7 8. h3 0-0 9. 0-0 Nbd7 10. Nc3 Ne4 11. Qc2 Ndf6 12. Rfc1 Nxd2 13. Qxd2 Ne4 14. Nxe4 dxe4 15. Ne5 exd3 16. Qxd3 Bxe5 17. dxe5 Qxe5 18. b3 Bf5 19. Qc4 Rfd8 20. Rd1 Rd5 21. Qh4 f6 22. Qc4 Be6 23. Rxd5 Qxa1+ 0-1

[Event "LSS No Engine Cup 134 Preliminary 0"]
[Site "LSS email"]
[Date "2015.07.08"]
[Round "?"]
[White "Heiser, Jerome"]
[Black "Le Duigou, Jean Guy"]
[Result "0-1"]
[WhiteElo "900"]
[BlackElo "1704"]
[PlyCount "70"]
[EventDate "2015.07.09"]
[EventType "tourn (corr)"]
[EventRounds "6"]
[EventCountry "GER"]
[SourceTitle "Corr 2022"]
[Source "ChessBase"]
[SourceDate "2021.10.24"]
[SourceVersion "1"]
[SourceVersionDate "2021.10.24"]
[SourceQuality "1"]

1. e4 c6 2. d4 d5 3. e5 c5 4. Nf3 e6 5. dxc5 Bxc5 6. Bg5 Qb6 7. Be3 Bxe3 8. fxe3 Qxb2 9. Nbd2 Nc6 10. Nb3 Nge7 11. Bd3 Nxe5 12. 0-0 Nxf3+ 13. Rxf3 0-0 14. Rh3 g6 15. Rg3 e5 16. h4 Bf5 17. Bxf5 Nxf5 18. Rh3 Rad8 19. h5 Kg7 20. a4 e4 21. Rb1 Qe5 22. g4 Nd6 23. Nd4 Rd7 24. h6+ Kg8 25. Qf1 f5 26. g5 f4 27. Ne6 Qxe6 28. Kh2 f3 29. Rb4 Nc4 30. Qa1 Qd6+ 31. Kg1 Qxb4 32. Kf2 Qd2+ 33. Kg3 Qg2+ 34. Kh4 Nxe3 35. Rg3 Nf5+ 0-1

[Event "LSS No Engine Cup 133 Preliminary 0"]
[Site "LSS email"]
[Date "2015.06.21"]
[Round "?"]
[White "Kolanek, Roman"]
[Black "Le Duigou, Jean Guy"]
[Result "1-0"]
[WhiteElo "2285"]
[BlackElo "1670"]
[PlyCount "29"]
[EventDate "2015.06.22"]
[EventType "tourn (corr)"]
[EventRounds "6"]
[EventCountry "GER"]
[SourceTitle "Corr 2022"]
[Source "ChessBase"]
[SourceDate "2021.10.24"]
[SourceVersion "1"]
[SourceVersionDate "2021.10.24"]
[SourceQuality "1"]

1. d4 Nf6 2. c4 e6 3. Nc3 Bb4 4. e3 0-0 5. Nf3 b6 6. Bd3 Bb7 7. 0-0 d5 8. a3 Be7 9. cxd5 exd5 10. b4 c5 11. bxc5 bxc5 12. Rb1 Qc8 13. dxc5 Nbd7 14. Bf5 Qc6 15. Nd4 1-0

[Event "LSS No Engine Cup 132 Preliminary 0"]
[Site "LSS email"]
[Date "2015.06.06"]
[Round "?"]
[White "Guaimare Rodriguez, Carlos Luis"]
[Black "Le Duigou, Jean Guy"]
[Result "1/2-1/2"]
[WhiteElo "1263"]
[BlackElo "1661"]
[PlyCount "87"]
[EventDate "2015.06.07"]
[EventType "tourn (corr)"]
[EventRounds "6"]
[EventCountry "GER"]
[SourceTitle "Corr 2022"]
[Source "ChessBase"]
[SourceDate "2021.10.24"]
[SourceVersion "1"]
[SourceVersionDate "2021.10.24"]
[SourceQuality "1"]

1. d4 Nf6 2. c4 e6 3. Nc3 Bb4 4. Qc2 d5 5. cxd5 exd5 6. Bg5 c6 7. e3 Nbd7 8. Bd3 h6 9. Bh4 Qa5 10. Nge2 0-0 11. 0-0 Re8 12. a3 Bd6 13. b4 Qc7 14. Rab1 Bxh2+ 15. Kh1 Bd6 16. Rfc1 Qb8 17. Na4 g5 18. Bg3 Ne4 19. Bxe4 dxe4 20. Bxd6 Qxd6 21. Nc5 Nf6 22. Ng3 Qd5 23. a4 b6 24. Nb3 Bb7 25. Nd2 Rac8 26. Nc4 Nd7 27. Nd2 c5 28. bxc5 bxc5 29. Qb3 Qxb3 30. Rxb3 Bd5 31. Rbc3 Rc6 32. dxc5 Kh7 33. Kh2 Kg6 34. Rb1 Ra6 35. Rb4 f5 36. Rd4 Nf6 37. Nc4 Rc6 38. Nd6 Rb8 39. Ngxf5 Rc7 40. Nb5 Rxb5 41. axb5 Kxf5 42. Ra4 Nd7 43. c6 Nb6 44. Rd4 1/2-1/2

[Event "LSS No Engine Cup 131 Preliminary 0"]
[Site "LSS email"]
[Date "2015.05.18"]
[Round "?"]
[White "Le Duigou, Jean Guy"]
[Black "Lorenti, Domenico"]
[Result "1-0"]
[WhiteElo "1648"]
[BlackElo "1695"]
[PlyCount "71"]
[EventDate "2015.05.19"]
[EventType "tourn (corr)"]
[EventRounds "6"]
[EventCountry "GER"]
[SourceTitle "Corr 2022"]
[Source "ChessBase"]
[SourceDate "2021.10.24"]
[SourceVersion "1"]
[SourceVersionDate "2021.10.24"]
[SourceQuality "1"]

1. d4 Nf6 2. c4 e6 3. Nf3 d5 4. Nc3 Be7 5. Bg5 h6 6. Bh4 0-0 7. e3 Ne4 8. Bxe7 Qxe7 9. Rc1 Nc6 10. Bd3 Nxc3 11. Rxc3 Nb4 12. Bb1 dxc4 13. Rxc4 c6 14. 0-0 Nd5 15. Qd3 Nf6 16. Rfc1 Bd7 17. Ne5 Rac8 18. b4 b5 19. Rc5 a6 20. a3 Rc7 21. Nxc6 Bxc6 22. Rxc6 Rxc6 23. Rxc6 Qb7 24. Qc2 g6 25. Qc5 Nd5 26. Ba2 Rd8 27. Bxd5 exd5 28. f3 h5 29. e4 dxe4 30. fxe4 Re8 31. e5 Rd8 32. d5 Qd7 33. e6 fxe6 34. Rxe6 Re8 35. Rxg6+ Kf7 36. Rxa6 1-0

[Event "LSS No Engine Cup 131 Preliminary 0"]
[Site "LSS email"]
[Date "2015.05.18"]
[Round "?"]
[White "Le Duigou, Jean Guy"]
[Black "Neumann, Otto"]
[Result "1-0"]
[WhiteElo "1648"]
[BlackElo "1144"]
[PlyCount "23"]
[EventDate "2015.05.19"]
[EventType "tourn (corr)"]
[EventRounds "6"]
[EventCountry "GER"]
[SourceTitle "Corr 2022"]
[Source "ChessBase"]
[SourceDate "2021.10.24"]
[SourceVersion "1"]
[SourceVersionDate "2021.10.24"]
[SourceQuality "1"]

1. d4 Nf6 2. c4 d6 3. Nc3 g6 4. e4 Bg7 5. Be2 0-0 6. Bg5 Re8 7. Nf3 Nbd7 8. e5 dxe5 9. dxe5 Nh5 10. e6 fxe6 11. Nd4 e5 12. Ne6 1-0

[Event "LSS No Engine Cup 130 Preliminary 0"]
[Site "LSS email"]
[Date "2015.05.02"]
[Round "?"]
[White "Wakeham, Marc R"]
[Black "Le Duigou, Jean Guy"]
[Result "0-1"]
[WhiteElo "1095"]
[BlackElo "1649"]
[PlyCount "82"]
[EventDate "2015.05.03"]
[EventType "tourn (corr)"]
[EventRounds "6"]
[EventCountry "GER"]
[SourceTitle "Corr 2022"]
[Source "ChessBase"]
[SourceDate "2021.10.24"]
[SourceVersion "1"]
[SourceVersionDate "2021.10.24"]
[SourceQuality "1"]

1. e4 e6 2. d4 d5 3. exd5 exd5 4. Nf3 Nf6 5. Be2 Bd6 6. 0-0 0-0 7. Nc3 c6 8. Re1 Bf5 9. Bg5 Nbd7 10. Bd3 Bxd3 11. Qxd3 Qc7 12. h3 Rfe8 13. Rxe8+ Rxe8 14. Rd1 Ne4 15. Be3 Ndf6 16. Nd2 Nxc3 17. Qxc3 Qd7 18. Nf3 Ne4 19. Qd3 h6 20. c4 dxc4 21. Qc2 Qe6 22. Nd2 Nxd2 23. Qxd2 Qd5 24. Re1 b5 25. Kf1 Kh7 26. f3 Bc7 27. Re2 Bb6 28. Kf2 Rd8 29. Re1 Bxd4 30. Bxd4 Qxd4+ 31. Qxd4 Rxd4 32. Ke2 Rd6 33. Rd1 Rxd1 34. Kxd1 Kg6 35. Kd2 Kf5 36. g3 Ke5 37. Kc3 a5 38. a3 Kd5 39. g4 g5 40. b4 cxb3 41. Kxb3 Kd4 0-1

[Event "LSS No Engine Cup 129 Preliminary 0"]
[Site "LSS email"]
[Date "2015.04.09"]
[Round "?"]
[White "Shim Ng Min, Francis"]
[Black "Le Duigou, Jean Guy"]
[Result "1/2-1/2"]
[WhiteElo "1463"]
[BlackElo "1655"]
[PlyCount "81"]
[EventDate "2015.04.10"]
[EventType "tourn (corr)"]
[EventRounds "6"]
[EventCountry "GER"]
[SourceTitle "Corr 2022"]
[Source "ChessBase"]
[SourceDate "2021.10.24"]
[SourceVersion "1"]
[SourceVersionDate "2021.10.24"]
[SourceQuality "1"]

1. e4 c5 2. Nf3 e6 3. d4 cxd4 4. Nxd4 Nc6 5. Nb5 d6 6. c4 a6 7. N5c3 Nf6 8. Be2 Be7 9. 0-0 0-0 10. f4 b6 11. Bf3 Bb7 12. Be3 Qc7 13. Nd2 Rad8 14. Qb3 Nd7 15. Rad1 Nc5 16. Qc2 Rfe8 17. h3 Bf6 18. Nb3 Nb4 19. Qb1 d5 20. Nxc5 bxc5 21. cxd5 exd5 22. e5 Be7 23. Bf2 d4 24. Ne4 Nd5 25. g3 Qd7 26. Kh2 a5 27. Rc1 Rc8 28. Bg4 Qc6 29. Bxc8 Rxc8 30. Bxd4 f5 31. exf6 Nxf6 32. Bxc5 Bxc5 33. Rxc5 Qxe4 34. Qxe4 Nxe4 35. Rxc8+ Bxc8 36. Re1 Bb7 37. Rc1 Bd5 38. a3 a4 39. Rd1 Bb3 40. Rd4 Nc5 41. g4 1/2-1/2

[Event "LSS No Engine Cup 127 Preliminary 0"]
[Site "LSS email"]
[Date "2015.03.09"]
[Round "?"]
[White "Csoma, Balint"]
[Black "Le Duigou, Jean Guy"]
[Result "1/2-1/2"]
[WhiteElo "1396"]
[BlackElo "1692"]
[PlyCount "79"]
[EventDate "2015.03.10"]
[EventType "tourn (corr)"]
[EventRounds "6"]
[EventCountry "GER"]
[SourceTitle "Corr 2022"]
[Source "ChessBase"]
[SourceDate "2021.10.24"]
[SourceVersion "1"]
[SourceVersionDate "2021.10.24"]
[SourceQuality "1"]

1. Nf3 Nf6 2. c4 g6 3. g3 Bg7 4. Bg2 0-0 5. 0-0 d6 6. d3 e5 7. Nc3 Nc6 8. e4 Bg4 9. Be3 Nd4 10. Bxd4 exd4 11. Ne2 c5 12. h3 Bxf3 13. Bxf3 Nd7 14. Nf4 Ne5 15. Bg2 Rb8 16. Nd5 b5 17. f4 Nc6 18. b3 bxc4 19. bxc4 Ne7 20. Qa4 Nxd5 21. exd5 a5 22. Rab1 Rb4 23. Rxb4 axb4 24. a3 bxa3 25. Qxa3 Qe7 26. Kh2 Re8 27. Qc1 Qe3 28. Qd1 Bf6 29. Rf3 Qe1 30. Qxe1 Rxe1 31. Bf1 h5 32. Kg2 Kg7 33. Kf2 Ra1 34. Ke2 Bd8 35. Kd2 Ba5+ 36. Kc2 Bc3 37. g4 hxg4 38. hxg4 f6 39. f5 g5 40. Kb3 1/2-1/2

[Event "LSS No Engine Cup 126 Preliminary 0"]
[Site "LSS email"]
[Date "2015.02.28"]
[Round "?"]
[White "Caviglia, Maximiliano"]
[Black "Le Duigou, Jean Guy"]
[Result "1/2-1/2"]
[WhiteElo "1606"]
[BlackElo "1684"]
[PlyCount "68"]
[EventDate "2015.03.01"]
[EventType "tourn (corr)"]
[EventRounds "6"]
[EventCountry "GER"]
[SourceTitle "Corr 2022"]
[Source "ChessBase"]
[SourceDate "2021.10.24"]
[SourceVersion "1"]
[SourceVersionDate "2021.10.24"]
[SourceQuality "1"]

1. d4 Nf6 2. Nf3 g6 3. Bf4 Bg7 4. e3 0-0 5. Be2 d6 6. h3 c5 7. c3 Nc6 8. Nbd2 cxd4 9. exd4 Re8 10. 0-0 e5 11. Bg5 h6 12. Bxf6 Bxf6 13. dxe5 dxe5 14. Ne4 Bg7 15. Qxd8 Rxd8 16. Rad1 Be6 17. b3 Bf8 18. Rxd8 Rxd8 19. Rd1 Rxd1+ 20. Bxd1 f5 21. Ned2 e4 22. Ne1 Bg7 23. Nb1 Kf7 24. Nc2 Ke7 25. f3 exf3 26. Bxf3 Kd6 27. c4 b6 28. Kf2 Nd4 29. Nxd4 Bxd4+ 30. Ke2 a5 31. Na3 Bd7 32. Nc2 Bf6 33. Ne3 Kc5 34. Nd5 Bg5 1/2-1/2

[Event "LSS No Engine Cup 126 Preliminary 0"]
[Site "LSS email"]
[Date "2015.02.28"]
[Round "?"]
[White "Meijers, John"]
[Black "Le Duigou, Jean Guy"]
[Result "0-1"]
[WhiteElo "1600"]
[BlackElo "1684"]
[PlyCount "88"]
[EventDate "2015.03.01"]
[EventType "tourn (corr)"]
[EventRounds "6"]
[EventCountry "GER"]
[SourceTitle "Corr 2022"]
[Source "ChessBase"]
[SourceDate "2021.10.24"]
[SourceVersion "1"]
[SourceVersionDate "2021.10.24"]
[SourceQuality "1"]

1. e4 c5 2. Nf3 d6 3. d4 cxd4 4. Nxd4 Nf6 5. Nc3 a6 6. Bg5 e6 7. Bc4 Qc7 8. Bb3 Nbd7 9. Qe2 b5 10. 0-0-0 Bb7 11. f3 Rc8 12. Qd2 Be7 13. Rhe1 0-0 14. a3 Rfe8 15. e5 dxe5 16. Nde2 Nb6 17. Qe3 Nfd5 18. Nxd5 exd5 19. Bxe7 Rxe7 20. Qf2 d4 21. Nxd4 exd4 22. Rxe7 Qxe7 23. Qxd4 Qc7 24. g3 h6 25. Qd3 Nc4 26. Qf5 Ne3 27. Qxf7+ Qxf7 28. Bxf7+ Kxf7 29. Rd7+ Kg8 30. Rxb7 Rxc2+ 31. Kb1 Rxh2 32. Rb6 Rh3 33. Rxa6 Rxg3 34. f4 Rg1+ 35. Ka2 Rd1 36. Rb6 Rd5 37. Re6 Nf5 38. Re8+ Kh7 39. Rf8 h5 40. Rc8 h4 41. Rc2 Kh6 42. b4 Kh5 43. Rg2 h3 44. Rxg7 Nxg7 0-1

[Event "RC-2015-0-00168"]
[Site "LSS email"]
[Date "2015.02.10"]
[Round "?"]
[White "Cvak, Rudolf"]
[Black "Le Duigou, Jean Guy"]
[Result "1/2-1/2"]
[WhiteElo "1805"]
[BlackElo "1848"]
[PlyCount "47"]
[EventDate "2014.12.18"]
[EventType "tourn (corr)"]
[EventRounds "6"]
[EventCountry "GER"]
[SourceTitle "Corr 2022"]
[Source "ChessBase"]
[SourceDate "2021.10.24"]
[SourceVersion "1"]
[SourceVersionDate "2021.10.24"]
[SourceQuality "1"]

1. e4 e6 2. d4 d5 3. Nc3 dxe4 4. Nxe4 Nd7 5. g3 Ngf6 6. Nxf6+ Nxf6 7. Bg2 e5 8. Nf3 exd4 9. 0-0 Be7 10. Re1 0-0 11. Nxd4 c6 12. Bf4 Bg4 13. Qd2 Re8 14. h3 Bd7 15. Re5 Qb6 16. Rae1 Bf8 17. Rxe8 Rxe8 18. Rxe8 Bxe8 19. Nb3 Bd7 20. a3 Be6 21. Be3 Qc7 22. Nc5 Bd5 23. Qd3 Bxg2 24. Kxg2 1/2-1/2

[Event "RC-2015-0-00168"]
[Site "LSS email"]
[Date "2015.02.10"]
[Round "?"]
[White "Le Duigou, Jean Guy"]
[Black "Laczay, Istvan"]
[Result "1/2-1/2"]
[WhiteElo "1848"]
[BlackElo "1703"]
[PlyCount "50"]
[EventDate "2014.12.18"]
[EventType "tourn (corr)"]
[EventRounds "6"]
[EventCountry "GER"]
[SourceTitle "Corr 2022"]
[Source "ChessBase"]
[SourceDate "2021.10.24"]
[SourceVersion "1"]
[SourceVersionDate "2021.10.24"]
[SourceQuality "1"]

1. Nf3 c5 2. g3 Nc6 3. Bg2 e5 4. c4 g6 5. Nc3 Bg7 6. d3 d6 7. 0-0 Nge7 8. a3 0-0 9. Rb1 a5 10. Bd2 Rb8 11. Ne1 Be6 12. e4 Nd4 13. Nc2 Nec6 14. Nxd4 Nxd4 15. b4 axb4 16. axb4 b6 17. Be3 Ra8 18. Qd2 Ra3 19. Bxd4 cxd4 20. Nb5 Ra8 21. Ra1 Qd7 22. Qb2 Qc6 23. Rxa8 Rxa8 24. Ra1 Bd7 25. Ra3 Rxa3 1/2-1/2

[Event "RC-2015-0-00167"]
[Site "LSS email"]
[Date "2015.01.31"]
[Round "?"]
[White "Le Duigou, Jean Guy"]
[Black "Crapulli, Giuseppe"]
[Result "1/2-1/2"]
[WhiteElo "1869"]
[BlackElo "1672"]
[PlyCount "32"]
[EventDate "2014.12.01"]
[EventType "tourn (corr)"]
[EventRounds "6"]
[EventCountry "GER"]
[SourceTitle "Corr 2022"]
[Source "ChessBase"]
[SourceDate "2021.10.24"]
[SourceVersion "1"]
[SourceVersionDate "2021.10.24"]
[SourceQuality "1"]

1. c4 b6 2. Nc3 Bb7 3. d4 e6 4. Nf3 Nf6 5. a3 g6 6. Qc2 Bxf3 7. exf3 Bg7 8. Bg5 h6 9. Be3 0-0 10. d5 c6 11. dxe6 dxe6 12. Be2 Nbd7 13. 0-0 Qc7 14. Rad1 Rfd8 15. f4 Ne8 16. Ne4 Ndf6 1/2-1/2

[Event "RC-2015-0-00165"]
[Site "LSS email"]
[Date "2015.01.16"]
[Round "?"]
[White "De Ridder, Michael"]
[Black "Le Duigou, Jean Guy"]
[Result "0-1"]
[WhiteElo "1722"]
[BlackElo "1850"]
[PlyCount "36"]
[EventDate "2014.11.21"]
[EventType "tourn (corr)"]
[EventRounds "6"]
[EventCountry "GER"]
[SourceTitle "Corr 2022"]
[Source "ChessBase"]
[SourceDate "2021.10.24"]
[SourceVersion "1"]
[SourceVersionDate "2021.10.24"]
[SourceQuality "1"]

1. e4 e6 2. d4 d5 3. Nc3 dxe4 4. Nxe4 Nd7 5. Nf3 Ngf6 6. Bd3 c5 7. c3 Nxe4 8. Bxe4 Nf6 9. Bg5 cxd4 10. Bxf6 Qxf6 11. Qxd4 Qxd4 12. Nxd4 Bd7 13. 0-0-0 0-0-0 14. f4 Bd6 15. g3 Bc7 16. Nf3 f6 17. Rhe1 Kb8 18. Kb1 g6 0-1